Central Library OPAC University of Rajshahi

The Teach yourself Russian phrase book / (Record no. 7252)

MARC details
000 -LEADER
fixed length control field 00697nam a2200241 a 4500
001 - CONTROL NUMBER
control field 7252
003 - CONTROL NUMBER IDENTIFIER
rucl marc code BD-RjUL
005 - DATE AND TIME OF LATEST TRANSACTION
control field 20211208234403.0
008 - FIXED-LENGTH DATA ELEMENTS--GENERAL INFORMATION
fixed length control field 160824s1961 enk 000 0 eng d
035 ## - SYSTEM CONTROL NUMBER
System control number (BD-RjUL)7294
040 ## - CATALOGING SOURCE
Original cataloging agency OKD
Transcribing agency OKD
Modifying agency UKM
-- EQO
-- BD-RjUL
Language of cataloging eng
041 0# - LANGUAGE CODE
Language code of text/sound track or separate title ruseng
082 ## - DEWEY DECIMAL CLASSIFICATION NUMBER
Edition number 491.78242
Classification number 23
Author mark and year BUT 1961
100 1# - MAIN ENTRY--PERSONAL NAME
Personal name Burnip, J.
9 (RLIN) 22659
245 14 - TITLE STATEMENT
Title The Teach yourself Russian phrase book /
Statement of responsibility, etc. J. Burnip
260 ## - PUBLICATION, DISTRIBUTION, ETC. (IMPRINT)
Place of publication, distribution, etc. London :
Name of publisher, distributor, etc. English Universities Press,
Date of publication, distribution, etc. c1961
300 ## - PHYSICAL DESCRIPTION
Pagination xii, 180 p. ;
Size 17 cm
490 1# - SERIES STATEMENT
Series statement Teach yourself books
650 ## - SUBJECT ADDED ENTRY--TOPICAL TERM
Topical term or geographic name as entry element Russian language.
9 (RLIN) 19619
830 #0 - SERIES ADDED ENTRY--UNIFORM TITLE
Uniform title Teach yourself books
942 ## - ADDED ENTRY ELEMENTS (KOHA)
Source of classification or shelving scheme Dewey Decimal Classification
Koha item type Books
Holdings
Lost status Source of classification or shelving scheme Damaged status Not for loan Collection code Permanent Location Current Location Shelving location Date acquired Source of acquisition Cost, normal purchase price Total Checkouts Full call number Date last seen Copy number Koha item type
  Dewey Decimal Classification     Non-fiction Central Library, University of Rajshahi Central Library, University of Rajshahi   17/05/1967 university book agency 4.50   491.78242 BUT 1961 13/01/2014 C-2 Books
  Dewey Decimal Classification     Non-fiction Central Library, University of Rajshahi Central Library, University of Rajshahi   17/05/1967 university book agency 4.50   491.78242 BUT 1961 24/08/2016 C-3 Books